000 00331nam a2200145Ia 4500
003 OSt
008 191201s2007 xx 000 0 und d
082 _a621.402
_bGUE
100 _aGUPTA, Prakash
245 0 _aEngineering Heat Transfer
250 _aRep
260 _c2007
_bNem Chand
_aNew Delhi
300 _a541
942 _2ddc
_cBK
999 _c8144
_d8144